<?xml version="1.0" encoding="UTF-8"?>
<record
    xmlns:xsi="http://www.w3.org/2001/XMLSchema-instance"
    xsi:schemaLocation="http://www.loc.gov/MARC21/slim http://www.loc.gov/standards/marcxml/schema/MARC21slim.xsd"
    xmlns="http://www.loc.gov/MARC21/slim">

  <leader>01076nam a22002055i 4500</leader>
  <controlfield tag="001">170952</controlfield>
  <controlfield tag="003">ES-MaACL</controlfield>
  <controlfield tag="005">20230906214515.0</controlfield>
  <controlfield tag="008">090420s1866    po           |||| | por d</controlfield>
  <datafield tag="100" ind1="1" ind2=" ">
    <subfield code="a">Ribeiro, Carlos.</subfield>
    <subfield code="9">96751</subfield>
  </datafield>
  <datafield tag="245" ind1="1" ind2="0">
    <subfield code="a">Descrip&#xE7;&#xE2;o do terreno quaternario das bacias dos rios Tejo e Sado =</subfield>
    <subfield code="b">Description du terrain quaternaire de bassins du Tage du Sado / </subfield>
    <subfield code="c">por Carlos Ribeiro ; com a versa&#xE2;o franceza = avec la version fran&#xE7;aise / par M. Dalhunty.</subfield>
  </datafield>
  <datafield tag="246" ind1="3" ind2=" ">
    <subfield code="a">Description du terrain quaternaire de bassins du Tage du Sado</subfield>
  </datafield>
  <datafield tag="260" ind1=" " ind2=" ">
    <subfield code="a">Lisboa : </subfield>
    <subfield code="b">[s.n.], </subfield>
    <subfield code="c">1866 (</subfield>
    <subfield code="f">Typ. da Academia Real das Sciencias)</subfield>
  </datafield>
  <datafield tag="300" ind1=" " ind2=" ">
    <subfield code="a">164 p., [1] h. pleg. de mapa : </subfield>
    <subfield code="b">il. ; </subfield>
    <subfield code="c">32 cm.</subfield>
  </datafield>
  <datafield tag="500" ind1=" " ind2=" ">
    <subfield code="a">Precede al t&#xED;t. en cub.: Commiss&#xE2;o Geologica de Portugal, Estudos Geologicos.</subfield>
  </datafield>
  <datafield tag="546" ind1=" " ind2=" ">
    <subfield code="a">Texto en paralelo en portugu&#xE9;s y franc&#xE9;s.</subfield>
  </datafield>
  <datafield tag="650" ind1=" " ind2=" ">
    <subfield code="a">Geolog&#xED;a-</subfield>
    <subfield code="z">Portugal.</subfield>
    <subfield code="9">167306</subfield>
  </datafield>
  <datafield tag="700" ind1="1" ind2=" ">
    <subfield code="a">Dalhunty. M.</subfield>
    <subfield code="9">126690</subfield>
  </datafield>
  <datafield tag="852" ind1=" " ind2=" ">
    <subfield code="a">ES-MaACL</subfield>
    <subfield code="j">B-8083(2)     </subfield>
    <subfield code="z">- Dedicatoria ms. del autor a Federico de Botella y Hornos     </subfield>
    <subfield code="z">- Legado de Federico de Botella y Hornos</subfield>
  </datafield>
  <datafield tag="999" ind1=" " ind2=" ">
    <subfield code="c">170952</subfield>
    <subfield code="d">170952</subfield>
  </datafield>
  <datafield tag="952" ind1=" " ind2=" ">
    <subfield code="0">0</subfield>
    <subfield code="1">0</subfield>
    <subfield code="4">0</subfield>
    <subfield code="7">0</subfield>
    <subfield code="8">LIBXIX</subfield>
    <subfield code="a">ATENEOM</subfield>
    <subfield code="b">ATENEOM</subfield>
    <subfield code="c">SPB</subfield>
    <subfield code="d">2009-04-20</subfield>
    <subfield code="e">DON</subfield>
    <subfield code="l">0</subfield>
    <subfield code="o">B-8083(2)</subfield>
    <subfield code="p">1179414</subfield>
    <subfield code="r">2023-02-23 00:00:00</subfield>
    <subfield code="w">2023-02-23</subfield>
    <subfield code="y">MONANT</subfield>
  </datafield>
</record>
